Normal view
MARC view
Entry Topical Term
001 - CONTROL NUMBER
- control field: 10669
003 - CONTROL NUMBER IDENTIFIER
- control field: dpl
005 - DATE AND TIME OF LATEST TRANSACTION
- control field: 20100811114526.0
008 - FIXED-LENGTH DATA ELEMENTS
- fixed length control field: 100811|||a|||||| | ||| d
040 ## - CATALOGING SOURCE
- Original cataloging agency: dpl
- Transcribing agency: dpl
150 ## - HEADING--TOPICAL TERM
- Topical term or geographic name as entry element: Physiology
670 ## - SOURCE DATA FOUND
- Source citation: Work cat.: (dpl)40887: R. Kavitha 10668, Physiology /, 2008
670 ## - SOURCE DATA FOUND
- Source citation: Work cat.: (dpl)40887: R. Kavitha 10668, Physiology /, 2008
